<?xml version="1.0" encoding="UTF-8"?>
<record
    xmlns:xsi="http://www.w3.org/2001/XMLSchema-instance"
    xsi:schemaLocation="http://www.loc.gov/MARC21/slim http://www.loc.gov/standards/marcxml/schema/MARC21slim.xsd"
    xmlns="http://www.loc.gov/MARC21/slim">

  <leader>00539nam a2200193   4500</leader>
  <controlfield tag="005">20150513101149.0</controlfield>
  <controlfield tag="007">000</controlfield>
  <controlfield tag="008">000</controlfield>
  <datafield tag="020" ind1=" " ind2=" ">
    <subfield code="a">0192582864</subfield>
  </datafield>
  <datafield tag="040" ind1=" " ind2=" ">
    <subfield code="a">UOEL</subfield>
  </datafield>
  <datafield tag="050" ind1=" " ind2=" ">
    <subfield code="a">QA184</subfield>
    <subfield code="b">.E39 1988</subfield>
  </datafield>
  <datafield tag="100" ind1=" " ind2=" ">
    <subfield code="a">Edwards, C. H.</subfield>
  </datafield>
  <datafield tag="245" ind1=" " ind2=" ">
    <subfield code="a">Elementary linear algebra :</subfield>
    <subfield code="b">linprac : linear algebra practice systems /</subfield>
    <subfield code="c">C. H. Edwards, John Edwards</subfield>
  </datafield>
  <datafield tag="260" ind1=" " ind2=" ">
    <subfield code="a">New Jersey ;</subfield>
    <subfield code="b">Prentice - Hall, Inc. ,</subfield>
    <subfield code="c">c1988.</subfield>
  </datafield>
  <datafield tag="300" ind1=" " ind2=" ">
    <subfield code="a">26 p. :</subfield>
    <subfield code="b">ill.</subfield>
  </datafield>
  <datafield tag="650" ind1=" " ind2=" ">
    <subfield code="a">Linear algebra</subfield>
    <subfield code="x">Mathematics</subfield>
  </datafield>
  <datafield tag="700" ind1=" " ind2=" ">
    <subfield code="a"> Edwards , John K.</subfield>
  </datafield>
  <datafield tag="942" ind1=" " ind2=" ">
    <subfield code="2">lcc</subfield>
    <subfield code="c">LL</subfield>
  </datafield>
  <datafield tag="999" ind1=" " ind2=" ">
    <subfield code="c">7312</subfield>
    <subfield code="d">7312</subfield>
  </datafield>
  <datafield tag="952" ind1=" " ind2=" ">
    <subfield code="0">0</subfield>
    <subfield code="1">0</subfield>
    <subfield code="2">lcc</subfield>
    <subfield code="4">0</subfield>
    <subfield code="7">0</subfield>
    <subfield code="a">UOE</subfield>
    <subfield code="b">UOE</subfield>
    <subfield code="c">GEN</subfield>
    <subfield code="d">2015-05-13</subfield>
    <subfield code="l">0</subfield>
    <subfield code="o">QA184 .E39 1988</subfield>
    <subfield code="p">10051283</subfield>
    <subfield code="r">2026-04-27 11:56:23</subfield>
    <subfield code="t">10051283</subfield>
    <subfield code="w">2015-05-13</subfield>
    <subfield code="y">LL</subfield>
  </datafield>
  <datafield tag="952" ind1=" " ind2=" ">
    <subfield code="0">0</subfield>
    <subfield code="1">0</subfield>
    <subfield code="2">lcc</subfield>
    <subfield code="4">0</subfield>
    <subfield code="7">0</subfield>
    <subfield code="a">UOE</subfield>
    <subfield code="b">UOE</subfield>
    <subfield code="c">GEN</subfield>
    <subfield code="d">2015-05-13</subfield>
    <subfield code="l">0</subfield>
    <subfield code="o">QA184 .E39 1988</subfield>
    <subfield code="p">10051284</subfield>
    <subfield code="r">2026-04-27 11:56:23</subfield>
    <subfield code="t">10051284</subfield>
    <subfield code="w">2015-05-13</subfield>
    <subfield code="y">LL</subfield>
  </datafield>
  <datafield tag="952" ind1=" " ind2=" ">
    <subfield code="0">0</subfield>
    <subfield code="1">0</subfield>
    <subfield code="2">lcc</subfield>
    <subfield code="4">0</subfield>
    <subfield code="7">0</subfield>
    <subfield code="a">UOE</subfield>
    <subfield code="b">UOE</subfield>
    <subfield code="c">GEN</subfield>
    <subfield code="d">2015-05-13</subfield>
    <subfield code="l">0</subfield>
    <subfield code="o">QA184 .E39 1988</subfield>
    <subfield code="p">10051282</subfield>
    <subfield code="r">2026-04-27 11:56:24</subfield>
    <subfield code="t">10051282</subfield>
    <subfield code="w">2015-05-13</subfield>
    <subfield code="y">LL</subfield>
  </datafield>
</record>
